000 00989cam a2200277 4500
008 000000n2000 000 0 eng u
020 _a0728203456
035 _a(Sirsi) u108533
041 _aeng
050 _a333.33
100 _aMillington, A.F.
245 _aProperty development.
260 _aLondon
_bEstates Gazette
_c2000
300 _axii,267p. ; 21cm.
350 _a24.00
520 _aWide range of development considerations covered, in addition to financial and construction aspects of development. These include the objectives, functions, roles and methods of operation of all those involved in the development process; social considerations; planning consideration; and others
650 _aDEVELOPMENT PROCESS
650 _aDEVELOPMENT TEAM
650 _aFEASIBILITY STUDIES
650 _aPROPERTY DEVELOPMENT
650 _aPROPERTY INVESTMENT
650 _aRISK
650 _aUNCERTAINTY
690 _aPROPERTY-PROPERTY DEVELOPMENT
942 _n0
999 _c100810
_d100810